[Event "AUT-ch U12"]
[Site "St Kanzian"]
[Date "2018.05.21"]
[Round "6.13"]
[White "Pilshofer, Paul"]
[Black "Nowakowski, Paul"]
[Result "1-0"]
[WhiteElo "1063"]
[BlackElo "1096"]
[PlyCount "63"]
[EventDate "2018.05.19"]
[EventType "swiss"]
[EventRounds "7"]
[EventCountry "AUT"]
[SourceTitle "EXT 2024"]
[Source "ChessBase"]
[SourceDate "2023.10.10"]
[SourceVersion "1"]
[SourceVersionDate "2023.10.10"]
[SourceQuality "1"]

1. d4 g6 2. Nf3 Bg7 3. g3 Nf6 4. Bg2 0-0 5. 0-0 d5 6. c4 Be6 7. Ng5 Bf5 8. Nc3 c6 9. cxd5 cxd5 10. Qb3 Qd7 11. Nxd5 Nxd5 12. Bxd5 Nc6 13. Bxf7+ Kh8 14. Bd5 h6 15. Nf7+ Kh7 16. Bxc6 Qxc6 17. Ne5 Bxe5 18. dxe5 Bh3 19. f3 Bxf1 20. Kxf1 Kg7 21. Qe3 g5 22. e6 a6 23. h4 Kf6 24. hxg5+ hxg5 25. Qxg5+ Kxe6 26. Qg6+ Kd7 27. Qg4+ Kc7 28. Bf4+ Kd8 29. Rd1+ Ke8 30. Qh5+ Rf7 31. g4 Qc8 32. Qh8+ 1-0